000 00637nam a22001937a 4500
999 _c14435
_d14435
003 AR-CdUCM
008 190423b ||||| |||| 00| 0 spa d
040 _aMUNICIPALIDAD PROVINCIAL DEL CUSCO
_cBIBLIOTECA MUNICIPAL DEL CUSCO
082 _a580 /
_bH12 / 1872
100 _aHacquart, Paul
_933205
245 _aTraité practique et rationnel de botanique médicale /
260 _aParís :
_bJ. B. Bailliére et fils,
_c1872.
300 _a412 páginas ;
_c18 cm.
505 _aContenido : El texto esta el idioma Francés.
650 _aTratado
_98328
650 _aMedicina
_93637
942 _2ddc
_cLIBROS
945 _arah
_d23/04/2019